000 00720nam a2200181 a 4500
008 100118s2001 ||||||||||||||||| || u
020 _a082182709X
050 _aQA 641 Aub
100 _aAubin, Thierry
245 1 2 _aA course in differential geometry
_cThierry Aubin
260 _aProvidence, Rhode Island:
_bAmerican Mathematical Society
_c2001
300 _axi, 184p.: ill.
350 _a0.00
490 _aGraduate Studies in mathematics series, vol. 27
650 0 _aMATHEMATICS--HANDBOOKS, MANUALS, ETC
650 _aGEOMETRY, DIFFERENTIAL
995 _D0.00
_FCBU-MAIN LIBRARY (Kitwe)
_H1
_I0.00
_M1
_UAVAILABLE
_WMar 19, 2010
_ZAnnex Low-Usage Collection
999 _c39080
_d39080